000 00735nam a2200241 i 4500
001 bg
100 1 _aZIELSKI, Andrzej
245 0 _aDendrochronologia /
_cAndrzej Zielski, Marek Krąpiec.
260 _aWarszawa :
_bWydawnictwo Naukowe PWN,
_c2004.
300 _a328 s. :
_bfot., mapy., rys. wykr. ;
_c24 cm.
504 _aBibliogr. - Indeksy.
650 9 _aDendrochronologia
655 _aPodręczniki akademickie
700 1 _aKRĄPIEC, Marek
020 _a830114226X
040 _cBPK
041 0 _apol
080 _a630.4/.5(075.8)
920 _a83-01-14226-X
942 _cKS
008 s pl f |000 0 pol
999 _c51801
_d51801
856 _uhttp://koha.tu.koszalin.pl/cgi-bin/koha/opac-detail.pl?biblionumber=51801
_yKatalog online BPK